Southville International School and Colleges
Your cart is empty.
  • Cart
  • Lists
    Public lists Eva Luna New books Lux_list list_1
    Your lists Log in to create your own lists
  • Log in to your account
  • Your cookies
  • Search history
Southville International School and Colleges
  • Advanced search
  • Recent comments
  • Most popular
  • Libraries

Log in to your account

Log in with GOOGLE


If you do not have an external account, but do have a local account, you can still log in:

  1. Home
  2. MARC view: Thinking and acting like a solution-focused school counselor /
Normal view MARC view ISBD view

Thinking and acting like a solution-focused school counselor / (Record no. 275957)

[ view plain ]
MARC details
000 -LEADER
fixed length control field 01356cam a2200361 a 4500
001 - CONTROL NUMBER
control field 15666744
005 - DATE AND TIME OF LATEST TRANSACTION
control field 20140930134358.0
008 - FIXED-LENGTH DATA ELEMENTS--GENERAL INFORMATION
fixed length control field 090319s2009 caua b 001 0 eng
010 ## - LIBRARY OF CONGRESS CONTROL NUMBER
LC control number 2009010942
015 ## - NATIONAL BIBLIOGRAPHY NUMBER
National bibliography number GBA949835
Source bnb
016 7# - NATIONAL BIBLIOGRAPHIC AGENCY CONTROL NUMBER
Record control number 015261610
Source Uk
020 ## - INTERNATIONAL STANDARD BOOK NUMBER
International Standard Book Number 9781412966443 (cloth)
020 ## - INTERNATIONAL STANDARD BOOK NUMBER
International Standard Book Number 1412966442 (cloth)
020 ## - INTERNATIONAL STANDARD BOOK NUMBER
International Standard Book Number 9781412966450 (pbk.)
020 ## - INTERNATIONAL STANDARD BOOK NUMBER
International Standard Book Number 1412966450 (pbk.)
035 ## - SYSTEM CONTROL NUMBER
System control number (OCoLC)ocn299709414
040 ## - CATALOGING SOURCE
Original cataloging agency DLC
Transcribing agency DLC
Modifying agency BTCTA
-- YDXCP
-- UKM
-- C#P
-- CDX
-- BWX
-- IAY
-- DLC
050 00 - LIBRARY OF CONGRESS CALL NUMBER
Classification number LB 1027.5
Item number .P3197 2009
082 00 - DEWEY DECIMAL CLASSIFICATION NUMBER
Classification number 371.4/25
100 1# - MAIN ENTRY--PERSONAL NAME
Personal name Parsons, Richard D.
245 10 - TITLE STATEMENT
Title Thinking and acting like a solution-focused school counselor /
Statement of responsibility, etc Richard D. Parsons.
260 ## - PUBLICATION, DISTRIBUTION, ETC. (IMPRINT)
Place of publication, distribution, etc Thousand Oaks, Calif. :
Name of publisher, distributor, etc Corwin,
Date of publication, distribution, etc c2009.
300 ## - PHYSICAL DESCRIPTION
Extent xi, 147 pages :
Other physical details illustrations ;
Dimensions 26 cm.
490 1# - SERIES STATEMENT
Series statement Transforming theory into practice
504 ## - BIBLIOGRAPHY, ETC. NOTE
Bibliography, etc Includes bibliographical references (p. 143-144) and index.
650 #0 - SUBJECT ADDED ENTRY--TOPICAL TERM
Topical term or geographic name as entry element Educational counseling.
650 #0 - SUBJECT ADDED ENTRY--TOPICAL TERM
Topical term or geographic name as entry element Educational counseling
General subdivision Vocational guidance.
650 #0 - SUBJECT ADDED ENTRY--TOPICAL TERM
Topical term or geographic name as entry element Solution-focused therapy for children.
830 #0 - SERIES ADDED ENTRY--UNIFORM TITLE
Uniform title Transforming theory into practice.
906 ## - LOCAL DATA ELEMENT F, LDF (RLIN)
a 7
b cbc
c orignew
d 1
e ecip
f 20
g y-gencatlg
942 ## - ADDED ENTRY ELEMENTS (KOHA)
Source of classification or shelving scheme Library of Congress Classification
Koha item type Books
Call number prefix Foreign
Holdings
Withdrawn status Lost status Source of classification or shelving scheme Damaged status Home library Current library Shelving location Date acquired Source of acquisition Total Checkouts Full call number Barcode Date last seen Price effective from Koha item type
    Library of Congress Classification   Archives Archives   09/30/2014 Donation   LB 1027.5 .P3197 2009 C18753 05/15/2018 09/30/2014 Books

Thinking and acting like a solution-focused school counselor /

APA

Parsons R. D., . (2009). Thinking and acting like a solution-focused school counselor. Thousand Oaks, Calif: Corwin.

Chicago

Parsons Richard D, . 2009. Thinking and acting like a solution-focused school counselor. Thousand Oaks, Calif: Corwin.

Harvard

Parsons R. D., . (2009). Thinking and acting like a solution-focused school counselor. Thousand Oaks, Calif: Corwin.

MLA

Parsons Richard D, . Thinking and acting like a solution-focused school counselor. Thousand Oaks, Calif: Corwin. 2009.

  • Place hold
  • Print
  • Cite
  • Add to your cart (remove)
  • Save record
    BIBTEX Dublin Core MARCXML MARC (non-Unicode/MARC-8) MARC (Unicode/UTF-8) MARC (Unicode/UTF-8, Standard) MODS (XML) RIS
  • More searches
    Search for this title in:
    Other Libraries (WorldCat) Other Databases (Google Scholar) Online Stores (Bookfinder.com) Open Library (openlibrary.org)

Exporting to Dublin Core...

SOUTHVILLE LIBRARY

Southville International School and Colleges Library

1281 Tropical Ave. Cor. Luxembourg St., BF Homes International, Las Pinas City

Tel. No. 8256374 / 252358 Loc. 117/146

Powered by Koha